Ecology of aquatic management
Αποθηκεύτηκε σε:
| Κύριος συγγραφέας: | |
|---|---|
| Άλλοι συγγραφείς: | |
| Μορφή: | Βιβλίο |
| Γλώσσα: | English |
| Δημοσίευση: |
London :
Prentice Hall,
2002
|
| Θέματα: | |
| Ετικέτες: |
Προσθήκη ετικέτας
Δεν υπάρχουν, Καταχωρήστε ετικέτα πρώτοι!
|
MARC
| LEADER | 00000nam a2200000 i 4500 | ||
|---|---|---|---|
| 001 | 1/60535 | ||
| 008 | 040914s2002 eng d | ||
| 020 | |a 0-13-086610-5 | ||
| 035 | |l 10074310 | ||
| 040 | |a GR-MY-UA |b gre |e aacr | ||
| 041 | 0 | |a eng | |
| 082 | 0 | |a 333.95 |2 (21) | |
| 100 | 1 | |a Frid, Chris. | |
| 245 | 1 | 0 | |a Ecology of aquatic management / |c Chris Frid and Mike Dobson |
| 260 | |a London : |b Prentice Hall, |c 2002 | ||
| 300 | |a xiii, 274 σ.; |b εικ., πιν., χαρτ., διαγρ.; |c 25 εκ. | ||
| 504 | |a Περιέχει βιβλιογραφία και ευρετήριο | ||
| 650 | 0 | 0 | |a Fishery resources. |
| 650 | 0 | 0 | |a Aquatic resources. |
| 650 | 0 | 0 | |a Ecosystem management. |
| 700 | 1 | |a Dobson, Mike. | |
| 852 | |a INST |b LESVOS |e 20040914 |h 333.95 FRI |p 005100030427 |q 005100030427 |t BK |y 0 | ||
| 901 | |a BIBL1-2004-3 | ||
| 909 | |a Λ |b 113268 | ||
| 922 | |a 1ΕΛΗ |b 200408 |c ΕΠΕΑΕΚ2/ΤΠ |d ΜΙΧΑΛΟΠΟΥΛΟΣ | ||
| 950 | |a 107-2004-06-14 | ||
| 970 | |a ΧΡΙΣΤΟΦΑ |b ΝΙΚΗ |z 2004/09/15 | ||